<?xml version="1.0" encoding="UTF-8"?>
<record
    xmlns:xsi="http://www.w3.org/2001/XMLSchema-instance"
    xsi:schemaLocation="http://www.loc.gov/MARC21/slim http://www.loc.gov/standards/marcxml/schema/MARC21slim.xsd"
    xmlns="http://www.loc.gov/MARC21/slim">

  <leader>00770na  a2200205   4500</leader>
  <controlfield tag="001">23580</controlfield>
  <controlfield tag="003">MIRAKIL</controlfield>
  <controlfield tag="005">20181213155322.0</controlfield>
  <controlfield tag="008">180109b        tu            000 0      </controlfield>
  <datafield tag="020" ind1=" " ind2=" ">
    <subfield code="a">9754550263</subfield>
  </datafield>
  <datafield tag="040" ind1=" " ind2=" ">
    <subfield code="a">Milas</subfield>
    <subfield code="b">tur</subfield>
    <subfield code="c">TR-AnCHP</subfield>
  </datafield>
  <datafield tag="041" ind1=" " ind2=" ">
    <subfield code="a">tur</subfield>
    <subfield code="a">eng</subfield>
  </datafield>
  <datafield tag="082" ind1=" " ind2=" ">
    <subfield code="a">341.763</subfield>
    <subfield code="b">I46 1998</subfield>
  </datafield>
  <datafield tag="090" ind1=" " ind2=" ">
    <subfield code="a">341.763 I46 1998</subfield>
  </datafield>
  <datafield tag="245" ind1=" " ind2=" ">
    <subfield code="a">ILO Anayasas&#x131; ve T&#xFC;rkiye Cumhuriyeti taraf&#x131;ndan onaylanan ILO s&#xF6;zle&#x15F;meleri = ILO Const&#x131;tut&#x131;on and ILO convent&#x131;ons rat&#x131;f&#x131;ed by the republic of Turkey</subfield>
    <subfield code="c">&#xC7;al&#x131;&#x15F;ma ve Sosyal G&#xFC;venlik Bakanl&#x131;&#x11F;&#x131; (&#xC7;SGB)</subfield>
  </datafield>
  <datafield tag="260" ind1=" " ind2=" ">
    <subfield code="a">Ankara</subfield>
    <subfield code="b">&#xC7;al&#x131;&#x15F;ma ve Sosyal G&#xFC;venlik Bakanl&#x131;&#x11F;&#x131; (&#xC7;SGB)</subfield>
    <subfield code="c">1998</subfield>
  </datafield>
  <datafield tag="300" ind1=" " ind2=" ">
    <subfield code="a">466 s.</subfield>
    <subfield code="c">24 sm.</subfield>
  </datafield>
  <datafield tag="650" ind1=" " ind2=" ">
    <subfield code="a">&#x130;LO (uluslararas&#x131; i&#x15F;&#xE7;i &#xF6;rg&#xFC;t&#xFC;)</subfield>
    <subfield code="x">Anayasa</subfield>
    <subfield code="z">T&#xFC;rkiye</subfield>
  </datafield>
  <datafield tag="942" ind1=" " ind2=" ">
    <subfield code="2">ddc</subfield>
    <subfield code="c">BKS</subfield>
  </datafield>
  <datafield tag="952" ind1=" " ind2=" ">
    <subfield code="a">0001</subfield>
    <subfield code="b">0001</subfield>
    <subfield code="d">2017-11-03</subfield>
    <subfield code="e">2</subfield>
    <subfield code="l">0</subfield>
    <subfield code="o">341.763 I46 1998</subfield>
    <subfield code="p">017564</subfield>
    <subfield code="r">2017-11-03 00:00:00</subfield>
    <subfield code="v">0.00</subfield>
    <subfield code="w">2017-11-03</subfield>
    <subfield code="y">BKS</subfield>
  </datafield>
  <datafield tag="999" ind1=" " ind2=" ">
    <subfield code="c">10444</subfield>
    <subfield code="d">10444</subfield>
  </datafield>
</record>
